000 00323nam a22001217a 4500
008 180124b xxu||||| |||| 00| 0 eng d
041 _aeng
080 _a33
100 _a52
101 _aECO
245 _aWORKSHOP ON UTILIZATION AND TRAINING OF AUKILIARY PERSONEL IN HOME ECONOMICS
_cDORIS.E.H
942 _2udc
_cBK
999 _c40871
_d40871